Presente y futuro de los materiales metálicos empleados en la fabricación de aviones y motores de aviación / (Record no. 70199)

MARC details
000 -LEADER
campo de control de longitud fija 00667nam a2200169 i 4500
001 - NÚMERO DE CONTROL
campo de control 70199
003 - IDENTIFICADOR DE NÚMERO DE CONTROL
campo de control ES-MaACL
005 - FECHA Y HORA DE LA ÚLTIMA TRANSACCIÓN
campo de control 20230906170741.0
007 - CAMPO FIJO DE DESCRIPCIÓN FÍSICA--INFORMACIÓN GENERAL
campo de control de longitud fija t|
008 - DATOS DE LONGITUD FIJA--INFORMACIÓN GENERAL
campo de control de longitud fija 040720s1959 sp ||||1| spa d
100 1# - ENTRADA PRINCIPAL--NOMBRE DE PERSONA
Nombre de persona García Poggio, José Antonio.
9 (RLIN) 55126
245 10 - MENCIÓN DEL TÍTULO
Título Presente y futuro de los materiales metálicos empleados en la fabricación de aviones y motores de aviación /
Mención de responsabilidad, etc. por José Antonio García Poggio.
260 ## - PUBLICACIÓN, DISTRIBUCIÓN, ETC.
Lugar de publicación, distribución, etc. Madrid :
Nombre del editor, distribuidor, etc. Instituto Nacional de Técnica Aeronáutica Esteban Terradas,
Fecha de publicación, distribución, etc. 1959.
300 ## - DESCRIPCIÓN FÍSICA
Extensión 148 p. :
Otras características físicas il. ;
Dimensiones 24 cm.
710 2# - ENTRADA AGREGADA--NOMBRE DE ENTIDAD CORPORATIVA
Nombre de entidad corporativa o nombre de jurisdicción como elemento de entrada Instituto Nacional de Técnica Aeroespacial (España)
9 (RLIN) 5191
852 ## - LOCALIZACIÓN
Ubicación ES-MaACL
Número de control de estantería C-18439
Sublocalización o colección R.44924
Holdings
Estatus retirado Estado de pérdida Estado de daño No para préstamo Biblioteca de origen Biblioteca actual Ubicación en estantería Fecha de adquisición Fuente de adquisición Total de préstamos Signatura topográfica completa Código de barras Visto por última vez Precio de reemplazo Tipo de ítem Koha
        Biblioteca del Ateneo de Madrid Biblioteca del Ateneo de Madrid Galería 17/01/2008     C-18439 1073508 23/02/2023 23/02/2023 Libro impreso